Red right returning
Sparad:
| Huvudupphovsman: | |
|---|---|
| Materialtyp: | Bok |
| Språk: | Undetermined |
| Publicerad: |
Québec, Canada
Shoreline
1998
|
| Ämnen: | |
| Taggar: |
Lägg till en tagg
Inga taggar, Lägg till första taggen!
|
| Thư viện lưu trữ: | Trung tâm Học liệu Trường Đại học Cần Thơ |
|---|
| LEADER | 00530nam a2200181Ia 4500 | ||
|---|---|---|---|
| 001 | CTU_41288 | ||
| 008 | 210402s9999 xx 000 0 und d | ||
| 082 | |a 791.124 | ||
| 082 | |b C124 | ||
| 100 | |a Joan Eyolfson Cadham | ||
| 245 | 0 | |a Red right returning | |
| 245 | 0 | |c Joan Eyolfson Cadham | |
| 260 | |a Québec, Canada | ||
| 260 | |b Shoreline | ||
| 260 | |c 1998 | ||
| 650 | |a sailboat living,sailing - ontario,sailing - québec ( province ) | ||
| 904 | |i Minh, 010517 | ||
| 980 | |a Trung tâm Học liệu Trường Đại học Cần Thơ | ||